[Event "Rapid Tournament (RAP)"]
[Site "Biel, CH"]
[Date "2025.07.13"]
[Round "2"]
[White "Gloeckler, Christian"]
[Black "Binggeli, Christian"]
[Result "1-0"]
[Board "6"]
[WhiteFideId "34608966"]
[BlackFideId "1307622"]
[WhiteTitle "FM"]
[WhiteElo "2353"]
[BlackElo "1963"]
[WhiteTeam "GER"]
[BlackTeam "SUI"]
[WhiteClock "0:00:47"]
[BlackClock "0:00:17"]
[Variant "Standard"]

1. e4 {[%clk 0:15:07]}  d5 {[%clk 0:15:04]} 2. exd5 {[%clk 0:15:10]}  Nf6 {[%clk 0:15:07]} 3. Nf3 {[%clk 0:15:13]}  Nxd5 {[%clk 0:15:09]} 4. d4 {[%clk 0:15:16]}  Bf5 {[%clk 0:15:05]} 5. Bd3 {[%clk 0:15:06]}  Bxd3 {[%clk 0:15:04]} 6. Qxd3 {[%clk 0:12:37]}  c6 {[%clk 0:14:55]} 7. c4 {[%clk 0:14:57]}  Nf6 {[%clk 0:12:28]} 8. O-O {[%clk 0:13:19]}  g6 {[%clk 0:11:49]} 9. Re1 {[%clk 0:11:53]}  Bg7 {[%clk 0:11:58]} 10. Qa3 {[%clk 0:10:36]}  e6 {[%clk 0:10:46]} 11. Nc3 {[%clk 0:10:11]}  Qe7 {[%clk 0:08:33]} 12. Qxe7+ {[%clk 0:10:06]}  Kxe7 {[%clk 0:08:36]} 13. d5 {[%clk 0:10:06]}  Na6 {[%clk 0:08:04]} 14. dxe6 {[%clk 0:09:55]}  fxe6 {[%clk 0:07:52]} 15. Ng5 {[%clk 0:09:34]}  Nc5 {[%clk 0:06:21]} 16. b4 {[%clk 0:08:18]}  Nd3 {[%clk 0:07:17]} 17. Rxe6+ {[%clk 0:08:17]}  Kd7 {[%clk 0:06:17]} 18. Ba3 {[%clk 0:05:58]}  Ng4 {[%clk 0:02:51]} 19. Re2 {[%clk 0:04:13]}  Ngxf2 {[%clk 0:01:30]} 20. Nge4 {[%clk 0:05:24]}  Bd4 {[%clk 0:00:58]} 21. Nxf2 {[%clk 0:05:10]}  Nxf2 {[%clk 0:00:45]} 22. Rxf2 {[%clk 0:05:08]}  Bxf2+ {[%clk 0:00:31]} 23. Kxf2 {[%clk 0:05:11]}  Rhf8+ {[%clk 0:00:27]} 24. Ke3 {[%clk 0:04:50]}  Rae8+ {[%clk 0:00:37]} 25. Ne4 {[%clk 0:04:52]}  Rf7 {[%clk 0:00:20]} 26. Rd1+ {[%clk 0:04:32]}  Kc7 {[%clk 0:00:22]} 27. b5 {[%clk 0:04:22]}  Rd8 {[%clk 0:00:07]} 28. Bd6+ {[%clk 0:04:11]}  Kc8 {[%clk 0:00:15]} 29. a4 {[%clk 0:03:53]}  Re8 {[%clk 0:00:17]} 30. Rb1 {[%clk 0:03:44]}  cxb5 {[%clk 0:00:17]} 31. Rxb5 {[%clk 0:03:36]}  Rf5 {[%clk 0:00:16]} 32. c5 {[%clk 0:03:29]}  h5 {[%clk 0:00:13]} 33. Rb1 {[%clk 0:03:26]}  g5 {[%clk 0:00:12]} 34. a5 {[%clk 0:03:01]}  Rd5 {[%clk 0:00:15]} 35. Rb4 {[%clk 0:02:09]}  g4 {[%clk 0:00:16]} 36. Kf4 {[%clk 0:01:59]}  a6 {[%clk 0:00:12]} 37. Nf6 {[%clk 0:00:46]}  Rxd6 {[%clk 0:00:17]} 38. cxd6 {[%clk 0:00:44]}  Re6 {[%clk 0:00:17]} 39. Ne4 {[%clk 0:00:47]} 1-0

[Event "Rapid Tournament (RAP)"]
[Site "Biel, CH"]
[Date "2025.07.13"]
[Round "2"]
[White "Yu, Tianxiang Carlos"]
[Black "Sharif, Mehrshad"]
[Result "0-1"]
[Board "7"]
[WhiteFideId "39922723"]
[BlackFideId "600121"]
[BlackTitle "IM"]
[WhiteElo "1962"]
[BlackElo "2334"]
[WhiteTeam "USA"]
[BlackTeam "FRA"]
[WhiteClock "0:00:13"]
[BlackClock "0:01:02"]
[Variant "Standard"]

1. e4 {[%clk 0:15:07]}  e6 {[%clk 0:15:09]} 2. d4 {[%clk 0:15:11]}  d5 {[%clk 0:15:12]} 3. e5 {[%clk 0:15:12]}  c5 {[%clk 0:15:15]} 4. c3 {[%clk 0:15:16]}  Nc6 {[%clk 0:15:19]} 5. Nf3 {[%clk 0:15:20]}  Nge7 {[%clk 0:15:22]} 6. Na3 {[%clk 0:15:24]}  Bd7 {[%clk 0:15:25]} 7. Bd3 {[%clk 0:14:58]}  cxd4 {[%clk 0:14:35]} 8. cxd4 {[%clk 0:15:01]}  Nf5 {[%clk 0:14:24]} 9. Nc2 {[%clk 0:14:59]}  Qb6 {[%clk 0:13:45]} 10. O-O {[%clk 0:14:11]}  Be7 {[%clk 0:13:18]} 11. Kh1 {[%clk 0:13:00]}  O-O {[%clk 0:12:56]} 12. g4 {[%clk 0:12:30]}  Nh6 {[%clk 0:12:59]} 13. Bxh6 {[%clk 0:11:14]}  gxh6 {[%clk 0:13:02]} 14. Qd2 {[%clk 0:11:18]}  Kg7 {[%clk 0:12:37]} 15. g5 {[%clk 0:10:28]}  Rg8 {[%clk 0:04:16]} 16. gxh6+ {[%clk 0:09:37]}  Kh8 {[%clk 0:04:20]} 17. Qf4 {[%clk 0:07:51]}  Raf8 {[%clk 0:03:49]} 18. Rg1 {[%clk 0:07:45]}  Rg6 {[%clk 0:04:04]} 19. Nh4 {[%clk 0:06:52]}  Qxb2 {[%clk 0:03:19]} 20. Nxg6+ {[%clk 0:05:32]}  fxg6 {[%clk 0:03:21]} 21. Qe3 {[%clk 0:04:15]}  Qb6 {[%clk 0:02:03]} 22. Rab1 {[%clk 0:04:19]}  Qc7 {[%clk 0:02:03]} 23. f4 {[%clk 0:02:01]}  Be8 {[%clk 0:01:39]} 24. Ne1 {[%clk 0:01:49]}  Na5 {[%clk 0:02:00]} 25. Nf3 {[%clk 0:01:25]}  Nc4 {[%clk 0:02:03]} 26. Qc1 {[%clk 0:01:25]}  b5 {[%clk 0:01:46]} 27. Ng5 {[%clk 0:01:27]}  Qb6 {[%clk 0:01:40]} 28. Rd1 {[%clk 0:00:44]}  Ba3 {[%clk 0:01:11]} 29. Qc3 {[%clk 0:00:33]}  Be7 {[%clk 0:01:00]} 30. Rf1 {[%clk 0:00:27]}  b4 {[%clk 0:01:02]} 31. Qe1 {[%clk 0:00:13]} 0-1

[Event "Rapid Tournament (RAP)"]
[Site "Biel, CH"]
[Date "2025.07.13"]
[Round "2"]
[White "Degtiarev, Evgeny"]
[Black "Cordes, Jule"]
[Result "1-0"]
[Board "8"]
[WhiteFideId "4149610"]
[BlackFideId "1060708"]
[WhiteTitle "IM"]
[WhiteElo "2331"]
[BlackElo "1946"]
[WhiteTeam "GER"]
[BlackTeam "NED"]
[WhiteClock "0:04:15"]
[BlackClock "0:03:13"]
[Variant "Standard"]

1. d4 {[%clk 0:15:08]}  d5 {[%clk 0:15:09]} 2. c4 {[%clk 0:15:11]}  dxc4 {[%clk 0:15:12]} 3. Nf3 {[%clk 0:15:13]}  Nf6 {[%clk 0:15:13]} 4. e3 {[%clk 0:15:17]}  Bg4 {[%clk 0:15:15]} 5. Bxc4 {[%clk 0:15:09]}  e6 {[%clk 0:15:19]} 6. h3 {[%clk 0:14:37]}  Bh5 {[%clk 0:15:22]} 7. g4 {[%clk 0:14:33]}  Bg6 {[%clk 0:15:25]} 8. Nc3 {[%clk 0:14:13]}  c5 {[%clk 0:13:49]} 9. Ne5 {[%clk 0:13:51]}  Bd6 {[%clk 0:09:42]} 10. Nxg6 {[%clk 0:10:24]}  hxg6 {[%clk 0:12:23]} 11. dxc5 {[%clk 0:09:33]}  Bxc5 {[%clk 0:12:08]} 12. Qxd8+ {[%clk 0:09:36]}  Kxd8 {[%clk 0:12:00]} 13. Be2 {[%clk 0:09:28]}  Nc6 {[%clk 0:11:45]} 14. Bd2 {[%clk 0:09:29]}  Ke7 {[%clk 0:11:14]} 15. Rc1 {[%clk 0:07:57]}  Bd6 {[%clk 0:08:51]} 16. f4 {[%clk 0:07:04]}  Rac8 {[%clk 0:07:11]} 17. Bf3 {[%clk 0:06:10]}  Kd7 {[%clk 0:05:46]} 18. g5 {[%clk 0:05:17]}  Ne8 {[%clk 0:05:32]} 19. Ne4 {[%clk 0:03:16]}  e5 {[%clk 0:03:13]} 20. Bg4+ {[%clk 0:04:15]} 1-0

[Event "Rapid Tournament (RAP)"]
[Site "Biel, CH"]
[Date "2025.07.13"]
[Round "2"]
[White "Vincenti, Leonardo"]
[Black "Flueckiger, Roger"]
[Result "1-0"]
[Board "9"]
[WhiteFideId "28550820"]
[BlackFideId "1344862"]
[WhiteTitle "CM"]
[WhiteElo "2283"]
[BlackElo "1937"]
[WhiteTeam "ITA"]
[BlackTeam "SUI"]
[WhiteClock "0:01:43"]
[BlackClock "0:00:22"]
[Variant "Standard"]

1. e4 {[%clk 0:15:08]}  e5 {[%clk 0:15:09]} 2. Nf3 {[%clk 0:15:12]}  Nc6 {[%clk 0:15:13]} 3. d4 {[%clk 0:15:03]}  exd4 {[%clk 0:15:16]} 4. Nxd4 {[%clk 0:15:06]}  Bc5 {[%clk 0:15:21]} 5. Nb3 {[%clk 0:15:10]}  Bb6 {[%clk 0:15:07]} 6. Nc3 {[%clk 0:15:14]}  Qf6 {[%clk 0:14:37]} 7. Qe2 {[%clk 0:15:13]}  Nge7 {[%clk 0:13:49]} 8. Nd5 {[%clk 0:15:01]}  Nxd5 {[%clk 0:13:08]} 9. exd5+ {[%clk 0:15:05]}  Ne7 {[%clk 0:13:12]} 10. Be3 {[%clk 0:14:59]}  Qxb2 {[%clk 0:12:11]} 11. Rd1 {[%clk 0:13:20]}  d6 {[%clk 0:10:27]} 12. g3 {[%clk 0:09:10]}  O-O {[%clk 0:08:49]} 13. Bg2 {[%clk 0:08:17]}  Bxe3 {[%clk 0:07:22]} 14. fxe3 {[%clk 0:07:46]}  Qc3+ {[%clk 0:06:39]} 15. Qd2 {[%clk 0:06:56]}  Qxd2+ {[%clk 0:05:59]} 16. Kxd2 {[%clk 0:06:59]}  Bg4 {[%clk 0:05:52]} 17. Rdf1 {[%clk 0:06:58]}  c5 {[%clk 0:05:02]} 18. Rf4 {[%clk 0:05:25]}  Bd7 {[%clk 0:05:06]} 19. Na5 {[%clk 0:05:24]}  Rab8 {[%clk 0:04:32]} 20. Nc4 {[%clk 0:04:56]}  Rbd8 {[%clk 0:04:19]} 21. Nxd6 {[%clk 0:04:40]}  Nxd5 {[%clk 0:04:22]} 22. Bxd5 {[%clk 0:03:47]}  Bc6 {[%clk 0:03:36]} 23. e4 {[%clk 0:03:50]}  Rxd6 {[%clk 0:03:39]} 24. c4 {[%clk 0:03:53]}  b5 {[%clk 0:02:52]} 25. Kc3 {[%clk 0:03:58]}  Bxd5 {[%clk 0:01:40]} 26. exd5 {[%clk 0:03:58]}  b4+ {[%clk 0:01:18]} 27. Kb3 {[%clk 0:04:02]}  Ra6 {[%clk 0:01:21]} 28. Re1 {[%clk 0:03:54]}  Ra3+ {[%clk 0:01:24]} 29. Kb2 {[%clk 0:03:58]}  Rd3 {[%clk 0:01:16]} 30. Re7 {[%clk 0:03:43]}  Rd2+ {[%clk 0:01:12]} 31. Kb3 {[%clk 0:03:45]}  a5 {[%clk 0:01:12]} 32. Ra7 {[%clk 0:03:07]}  a4+ {[%clk 0:01:14]} 33. Rxa4 {[%clk 0:03:05]}  Rxh2 {[%clk 0:01:18]} 34. Ra5 {[%clk 0:03:03]}  Re8 {[%clk 0:00:39]} 35. Rxc5 {[%clk 0:02:03]}  Re3+ {[%clk 0:00:42]} 36. Kxb4 {[%clk 0:02:07]}  Rb2+ {[%clk 0:00:45]} 37. Ka4 {[%clk 0:02:12]}  Rxa2+ {[%clk 0:00:45]} 38. Kb5 {[%clk 0:02:15]}  Rb3+ {[%clk 0:00:30]} 39. Kc6 {[%clk 0:02:19]}  Ra6+ {[%clk 0:00:31]} 40. Kd7 {[%clk 0:02:07]}  g5 {[%clk 0:00:23]} 41. Rf5 {[%clk 0:01:40]}  Rxg3 {[%clk 0:00:25]} 42. d6 {[%clk 0:01:38]}  h5 {[%clk 0:00:23]} 43. Rxg5+ {[%clk 0:01:39]}  Rxg5 {[%clk 0:00:22]} 44. Rxg5+ {[%clk 0:01:43]} 1-0

[Event "Rapid Tournament (RAP)"]
[Site "Biel, CH"]
[Date "2025.07.13"]
[Round "2"]
[White "Wilhelm, Serge"]
[Black "Banh Gia Huy"]
[Result "0-1"]
[Board "10"]
[WhiteFideId "1305808"]
[BlackFideId "12424714"]
[BlackTitle "IM"]
[WhiteElo "1947"]
[BlackElo "2261"]
[WhiteTeam "SUI"]
[BlackTeam "VIE"]
[WhiteClock "0:01:34"]
[BlackClock "0:00:29"]
[Variant "Standard"]

1. d4 {[%clk 0:15:09]}  Nf6 {[%clk 0:15:08]} 2. Bg5 {[%clk 0:15:12]}  c5 {[%clk 0:15:12]} 3. Nc3 {[%clk 0:15:15]}  d5 {[%clk 0:15:09]} 4. Bxf6 {[%clk 0:15:00]}  gxf6 {[%clk 0:14:58]} 5. e3 {[%clk 0:14:58]}  Nc6 {[%clk 0:14:48]} 6. Nge2 {[%clk 0:14:22]}  e6 {[%clk 0:14:04]} 7. g3 {[%clk 0:14:03]}  cxd4 {[%clk 0:14:05]} 8. Nxd4 {[%clk 0:13:36]}  Qb6 {[%clk 0:13:15]} 9. Rb1 {[%clk 0:13:25]}  f5 {[%clk 0:12:34]} 10. Bg2 {[%clk 0:12:36]}  Bg7 {[%clk 0:12:13]} 11. Nde2 {[%clk 0:12:18]}  O-O {[%clk 0:11:38]} 12. O-O {[%clk 0:12:20]}  Rd8 {[%clk 0:09:34]} 13. a3 {[%clk 0:09:53]}  d4 {[%clk 0:09:58]} 14. exd4 {[%clk 0:09:54]}  Nxd4 {[%clk 0:10:01]} 15. Nxd4 {[%clk 0:09:25]}  Rxd4 {[%clk 0:09:38]} 16. Qe2 {[%clk 0:09:03]}  Bd7 {[%clk 0:09:18]} 17. Rfd1 {[%clk 0:08:26]}  Rxd1+ {[%clk 0:07:18]} 18. Nxd1 {[%clk 0:08:24]}  Rc8 {[%clk 0:06:08]} 19. c4 {[%clk 0:06:07]}  Ba4 {[%clk 0:04:59]} 20. b4 {[%clk 0:05:03]}  Qd4 {[%clk 0:04:45]} 21. Ne3 {[%clk 0:04:27]}  b6 {[%clk 0:04:40]} 22. Rc1 {[%clk 0:04:07]}  Qb2 {[%clk 0:04:24]} 23. Qxb2 {[%clk 0:03:49]}  Bxb2 {[%clk 0:04:26]} 24. Rb1 {[%clk 0:03:49]}  Bd4 {[%clk 0:04:16]} 25. Bf1 {[%clk 0:03:33]}  Kf8 {[%clk 0:03:20]} 26. Be2 {[%clk 0:03:36]}  Ke7 {[%clk 0:03:22]} 27. Kf1 {[%clk 0:03:38]}  Rd8 {[%clk 0:03:13]} 28. Bd1 {[%clk 0:03:11]}  Bc6 {[%clk 0:03:04]} 29. Bb3 {[%clk 0:02:47]}  Bxe3 {[%clk 0:02:19]} 30. fxe3 {[%clk 0:02:50]}  Rd2 {[%clk 0:02:23]} 31. h4 {[%clk 0:01:56]}  Rg2 {[%clk 0:01:26]} 32. Ba4 {[%clk 0:01:36]}  Be4 {[%clk 0:01:11]} 33. Rd1 {[%clk 0:01:21]}  Rxg3 {[%clk 0:01:02]} 34. Rd7+ {[%clk 0:02:17]}  Kf6 {[%clk 0:01:06]} 35. Rxa7 {[%clk 0:02:08]}  Rxe3 {[%clk 0:01:04]} 36. Be8 {[%clk 0:02:11]}  f4 {[%clk 0:00:57]} 37. Rxf7+ {[%clk 0:01:33]}  Ke5 {[%clk 0:01:01]} 38. c5 {[%clk 0:01:35]}  bxc5 {[%clk 0:01:01]} 39. bxc5 {[%clk 0:01:39]}  Rc3 {[%clk 0:00:42]} 40. c6 {[%clk 0:01:39]}  Bg6 {[%clk 0:00:26]} 41. Re7 {[%clk 0:01:34]}  Bxe8 {[%clk 0:00:28]} 42. Rxe8 {[%clk 0:01:37]}  Rxc6 {[%clk 0:00:32]} 43. Re7 {[%clk 0:01:35]}  Ke4 {[%clk 0:00:36]} 44. Rxh7 {[%clk 0:01:27]}  Kf3 {[%clk 0:00:37]} 45. Ke1 {[%clk 0:01:30]}  Ke3 {[%clk 0:00:35]} 46. Kd1 {[%clk 0:01:30]}  f3 {[%clk 0:00:30]} 47. h5 {[%clk 0:01:28]}  Rd6+ {[%clk 0:00:29]} 48. Kc2 {[%clk 0:01:30]}  f2 {[%clk 0:00:30]} 49. Rf7 {[%clk 0:01:34]}  Ke2 {[%clk 0:00:29]} 0-1

[Event "Rapid Tournament (RAP)"]
[Site "Biel, CH"]
[Date "2025.07.13"]
[Round "2"]
[White "Gireada, Daniel"]
[Black "Lopez, Manuel"]
[Result "1-0"]
[Board "11"]
[WhiteFideId "1206451"]
[BlackFideId "1306324"]
[WhiteElo "2255"]
[BlackElo "1930"]
[WhiteTeam "ROU"]
[BlackTeam "SUI"]
[WhiteClock "0:00:36"]
[BlackClock "0:00:06"]
[Variant "Standard"]

1. d4 {[%clk 0:15:07]}  Nf6 {[%clk 0:15:08]} 2. c4 {[%clk 0:15:10]}  g6 {[%clk 0:15:10]} 3. Nc3 {[%clk 0:15:10]}  Bg7 {[%clk 0:15:14]} 4. e4 {[%clk 0:15:08]}  d6 {[%clk 0:15:18]} 5. h3 {[%clk 0:15:06]}  O-O {[%clk 0:15:20]} 6. Nf3 {[%clk 0:15:10]}  c5 {[%clk 0:15:05]} 7. Be3 {[%clk 0:14:45]}  cxd4 {[%clk 0:15:02]} 8. Nxd4 {[%clk 0:14:47]}  Nc6 {[%clk 0:15:06]} 9. Be2 {[%clk 0:13:59]}  Nxd4 {[%clk 0:15:03]} 10. Bxd4 {[%clk 0:13:14]}  Qa5 {[%clk 0:14:56]} 11. O-O {[%clk 0:14:16]}  Be6 {[%clk 0:13:33]} 12. a3 {[%clk 0:13:12]}  a6 {[%clk 0:13:33]} 13. b4 {[%clk 0:12:53]}  Qc7 {[%clk 0:13:36]} 14. Rc1 {[%clk 0:12:25]}  Rac8 {[%clk 0:13:22]} 15. Nd5 {[%clk 0:10:57]}  Bxd5 {[%clk 0:13:18]} 16. exd5 {[%clk 0:10:51]}  Nd7 {[%clk 0:13:08]} 17. Bxg7 {[%clk 0:10:13]}  Kxg7 {[%clk 0:13:10]} 18. Qd4+ {[%clk 0:10:15]}  Kg8 {[%clk 0:13:14]} 19. Bg4 {[%clk 0:10:18]}  f5 {[%clk 0:12:24]} 20. Be2 {[%clk 0:10:03]}  Ne5 {[%clk 0:11:44]} 21. f4 {[%clk 0:09:50]}  Nd7 {[%clk 0:10:37]} 22. Rfe1 {[%clk 0:08:13]}  a5 {[%clk 0:09:42]} 23. Bd3 {[%clk 0:06:38]}  Rf7 {[%clk 0:09:25]} 24. Re2 {[%clk 0:05:58]}  axb4 {[%clk 0:09:28]} 25. axb4 {[%clk 0:06:02]}  Qb6 {[%clk 0:09:20]} 26. Qxb6 {[%clk 0:05:36]}  Nxb6 {[%clk 0:09:23]} 27. c5 {[%clk 0:03:34]}  Kf8 {[%clk 0:08:12]} 28. c6 {[%clk 0:03:21]}  bxc6 {[%clk 0:08:11]} 29. dxc6 {[%clk 0:02:05]}  Ke8 {[%clk 0:06:22]} 30. c7 {[%clk 0:03:24]}  Nd5 {[%clk 0:04:11]} 31. Bc4 {[%clk 0:01:07]}  Rxc7 {[%clk 0:04:09]} 32. b5 {[%clk 0:00:11]}  Kd7 {[%clk 0:03:50]} 33. Rec2 {[%clk 0:00:05]}  e6 {[%clk 0:03:42]} 34. b6 {[%clk 0:00:45]}  Nxb6 {[%clk 0:03:39]} 35. Bxe6+ {[%clk 0:00:47]}  Kxe6 {[%clk 0:01:04]} 36. Rxc7 {[%clk 0:00:51]}  Rxc7 {[%clk 0:01:09]} 37. Rxc7 {[%clk 0:00:54]}  Nd5 {[%clk 0:01:03]} 38. Rxh7 {[%clk 0:00:52]}  Nxf4 {[%clk 0:01:16]} 39. Ra7 {[%clk 0:00:49]}  Ke5 {[%clk 0:01:14]} 40. Kf2 {[%clk 0:00:55]}  d5 {[%clk 0:01:18]} 41. Re7+ {[%clk 0:00:55]}  Kf6 {[%clk 0:01:21]} 42. Re8 {[%clk 0:00:55]}  g5 {[%clk 0:01:24]} 43. Kf3 {[%clk 0:00:46]}  Ne6 {[%clk 0:01:19]} 44. Ra8 {[%clk 0:00:56]}  Ke5 {[%clk 0:01:23]} 45. Ra1 {[%clk 0:00:58]}  Nd4+ {[%clk 0:01:14]} 46. Kf2 {[%clk 0:01:00]}  f4 {[%clk 0:01:06]} 47. Re1+ {[%clk 0:01:03]}  Kf5 {[%clk 0:01:10]} 48. Re8 {[%clk 0:01:04]}  Ne6 {[%clk 0:01:04]} 49. Ke2 {[%clk 0:01:01]}  d4 {[%clk 0:00:43]} 50. Kd3 {[%clk 0:01:01]}  Ke5 {[%clk 0:00:48]} 51. Ra8 {[%clk 0:00:51]}  Kf5 {[%clk 0:00:51]} 52. Ra5+ {[%clk 0:00:49]}  Kf6 {[%clk 0:00:45]} 53. Ke4 {[%clk 0:00:46]}  d3 {[%clk 0:00:16]} 54. Kxd3 {[%clk 0:00:48]}  f3 {[%clk 0:00:18]} 55. gxf3 {[%clk 0:00:48]}  Nf4+ {[%clk 0:00:23]} 56. Ke3 {[%clk 0:00:45]}  Nxh3 {[%clk 0:00:25]} 57. Ra4 {[%clk 0:00:46]}  Kf5 {[%clk 0:00:25]} 58. Ra5+ {[%clk 0:00:47]}  Kf6 {[%clk 0:00:30]} 59. Ke4 {[%clk 0:00:47]}  Nf2+ {[%clk 0:00:19]} 60. Ke3 {[%clk 0:00:51]}  Nh3 {[%clk 0:00:23]} 61. Kd4 {[%clk 0:00:53]}  Ng1 {[%clk 0:00:21]} 62. Ke4 {[%clk 0:00:54]}  Kg6 {[%clk 0:00:14]} 63. Ra6+ {[%clk 0:00:56]}  Kh5 {[%clk 0:00:17]} 64. Ra8 {[%clk 0:00:54]}  Ne2 {[%clk 0:00:08]} 65. Ke3 {[%clk 0:00:53]}  Ng1 {[%clk 0:00:11]} 66. Ra1 {[%clk 0:00:54]}  Nh3 {[%clk 0:00:12]} 67. Rh1 {[%clk 0:00:46]}  Kh4 {[%clk 0:00:17]} 68. Ra1 {[%clk 0:00:37]}  Nf4 {[%clk 0:00:11]} 69. Ra5 {[%clk 0:00:38]}  Ng2+ {[%clk 0:00:14]} 70. Kf2 {[%clk 0:00:42]}  Nf4 {[%clk 0:00:19]} 71. Ra4 {[%clk 0:00:45]}  Kh5 {[%clk 0:00:22]} 72. Kg3 {[%clk 0:00:48]}  Ne2+ {[%clk 0:00:27]} 73. Kh3 {[%clk 0:00:52]}  Nf4+ {[%clk 0:00:30]} 74. Kg3 {[%clk 0:00:56]}  Ne2+ {[%clk 0:00:35]} 75. Kf2 {[%clk 0:01:00]}  Nf4 {[%clk 0:00:39]} 76. Ra8 {[%clk 0:01:03]}  Nh3+ {[%clk 0:00:42]} 77. Ke3 {[%clk 0:00:56]}  Nf4 {[%clk 0:00:46]} 78. Rh8+ {[%clk 0:00:57]}  Kg6 {[%clk 0:00:50]} 79. Ke4 {[%clk 0:01:01]}  Ng2 {[%clk 0:00:36]} 80. Rf8 {[%clk 0:00:59]}  Nh4 {[%clk 0:00:18]} 81. Ke5 {[%clk 0:00:57]}  Ng2 {[%clk 0:00:19]} 82. Rf6+ {[%clk 0:00:54]}  Kh5 {[%clk 0:00:19]} 83. Kf5 {[%clk 0:00:41]}  Nh4+ {[%clk 0:00:23]} 84. Ke4 {[%clk 0:00:43]}  g4 {[%clk 0:00:26]} 85. f4 {[%clk 0:00:38]}  g3 {[%clk 0:00:28]} 86. Rf8 {[%clk 0:00:35]}  g2 {[%clk 0:00:13]} 87. Rh8+ {[%clk 0:00:32]}  Kg4 {[%clk 0:00:17]} 88. Rg8 {[%clk 0:00:35]}  Kh3 {[%clk 0:00:20]} 89. Ke3 {[%clk 0:00:34]}  Kh2 {[%clk 0:00:06]} 90. Kf2 {[%clk 0:00:36]} 1-0

[Event "Rapid Tournament (RAP)"]
[Site "Biel, CH"]
[Date "2025.07.13"]
[Round "2"]
[White "Kumbharathi, Vedansh"]
[Black "Maier, Christian"]
[Result "0-1"]
[Board "12"]
[WhiteFideId "30998395"]
[BlackFideId "4601955"]
[BlackTitle "IM"]
[WhiteElo "1931"]
[BlackElo "2250"]
[WhiteTeam "USA"]
[BlackTeam "GER"]
[WhiteClock "0:06:05"]
[BlackClock "0:07:46"]
[Variant "Standard"]

1. e4 {[%clk 0:15:07]}  e5 {[%clk 0:15:07]} 2. Nf3 {[%clk 0:15:04]}  Nc6 {[%clk 0:15:10]} 3. Bb5 {[%clk 0:15:06]}  a6 {[%clk 0:15:11]} 4. Ba4 {[%clk 0:15:09]}  Nf6 {[%clk 0:15:14]} 5. O-O {[%clk 0:15:02]}  Be7 {[%clk 0:15:17]} 6. d3 {[%clk 0:14:54]}  b5 {[%clk 0:15:20]} 7. Bb3 {[%clk 0:14:57]}  O-O {[%clk 0:14:59]} 8. c3 {[%clk 0:14:48]}  d6 {[%clk 0:14:53]} 9. Nbd2 {[%clk 0:14:38]}  Na5 {[%clk 0:14:26]} 10. Bc2 {[%clk 0:14:34]}  c5 {[%clk 0:14:30]} 11. Re1 {[%clk 0:14:29]}  Re8 {[%clk 0:14:33]} 12. Nf1 {[%clk 0:14:28]}  Bf8 {[%clk 0:14:35]} 13. Ng3 {[%clk 0:13:48]}  h6 {[%clk 0:14:17]} 14. h3 {[%clk 0:13:41]}  Rb8 {[%clk 0:13:10]} 15. d4 {[%clk 0:13:28]}  cxd4 {[%clk 0:12:16]} 16. cxd4 {[%clk 0:13:27]}  Nc6 {[%clk 0:12:19]} 17. Be3 {[%clk 0:13:12]}  Bd7 {[%clk 0:11:33]} 18. d5 {[%clk 0:12:46]}  Ne7 {[%clk 0:11:15]} 19. Qd2 {[%clk 0:12:30]}  Ng6 {[%clk 0:11:17]} 20. Rec1 {[%clk 0:12:11]}  Nh7 {[%clk 0:10:57]} 21. Bd3 {[%clk 0:12:00]}  Be7 {[%clk 0:10:58]} 22. Rc2 {[%clk 0:11:54]}  Ng5 {[%clk 0:10:58]} 23. Nxg5 {[%clk 0:11:37]}  Bxg5 {[%clk 0:11:01]} 24. Bxg5 {[%clk 0:11:38]}  hxg5 {[%clk 0:10:50]} 25. b4 {[%clk 0:11:34]}  Nf4 {[%clk 0:10:48]} 26. Rac1 {[%clk 0:11:29]}  g6 {[%clk 0:10:38]} 27. Rc7 {[%clk 0:11:15]}  Kg7 {[%clk 0:10:31]} 28. Qe3 {[%clk 0:10:59]}  g4 {[%clk 0:09:59]} 29. hxg4 {[%clk 0:10:40]}  Rh8 {[%clk 0:08:53]} 30. g5 {[%clk 0:07:57]}  Qxg5 {[%clk 0:07:25]} 31. Rxd7 {[%clk 0:08:00]}  Qh4 {[%clk 0:07:30]} 32. Nf5+ {[%clk 0:05:35]}  gxf5 {[%clk 0:07:33]} 33. Qh3 {[%clk 0:05:32]}  Qg4 {[%clk 0:07:35]} 34. Qg3 {[%clk 0:05:32]}  Qxg3 {[%clk 0:07:35]} 35. fxg3 {[%clk 0:05:43]}  Nxd3 {[%clk 0:07:39]} 36. Rcc7 {[%clk 0:05:18]}  Rhf8 {[%clk 0:07:16]} 37. exf5 {[%clk 0:04:54]}  Nxb4 {[%clk 0:07:14]} 38. Rxd6 {[%clk 0:05:53]}  Rbd8 {[%clk 0:06:37]} 39. Rxd8 {[%clk 0:05:20]}  Rxd8 {[%clk 0:07:04]} 40. a3 {[%clk 0:05:24]}  Nxd5 {[%clk 0:07:07]} 41. Rc6 {[%clk 0:05:26]}  a5 {[%clk 0:07:09]} 42. Rc5 {[%clk 0:05:30]}  b4 {[%clk 0:07:13]} 43. axb4 {[%clk 0:05:33]}  axb4 {[%clk 0:07:18]} 44. Rb5 {[%clk 0:05:38]}  Kf6 {[%clk 0:07:19]} 45. g4 {[%clk 0:05:42]}  Kg5 {[%clk 0:07:23]} 46. Kf2 {[%clk 0:05:43]}  Kxg4 {[%clk 0:07:27]} 47. Rb7 {[%clk 0:05:46]}  f6 {[%clk 0:07:30]} 48. g3 {[%clk 0:05:47]}  e4 {[%clk 0:07:32]} 49. Rb5 {[%clk 0:05:47]}  Kxf5 {[%clk 0:07:33]} 50. Rc5 {[%clk 0:05:49]}  Ke5 {[%clk 0:07:36]} 51. Rb5 {[%clk 0:05:53]}  f5 {[%clk 0:07:35]} 52. Rc5 {[%clk 0:05:56]}  Rb8 {[%clk 0:07:38]} 53. Rc1 {[%clk 0:06:00]}  b3 {[%clk 0:07:42]} 54. Rb1 {[%clk 0:06:05]}  b2 {[%clk 0:07:46]} 0-1